Boletín de las leyes i decretos del gobierno: 1923

Uloženo v:
Podrobná bibliografie
Médium: Kniha
Jazyk:španělština
Vydáno: Santiago Penitenciaría 1923
Témata:
Tagy: Přidat tag
Žádné tagy, Buďte první, kdo vytvoří štítek k tomuto záznamu!

MARC

LEADER 00000nam a2200000 a 4500
001 UCR1536
003 CL-VaPUC
008 971219e19230000CL |||||||||||||||||spa|d
082 0 4 |a 348.022  |b BOL  |2 21 
245 1 0 |a Boletín de las leyes i decretos del gobierno: 1923 
300 |a 2 v 
942 |c BK 
945 |d 19971219 00:00:00  |a lriquelm 
260 |a Santiago  |b Penitenciaría  |c 1923 
650 7 |a LEGISLACION  |2 CL-VaPUC  |9 398743 
650 7 |a DERECHO CHILENO  |2 CL-VaPUC  |9 398744 
650 0 |a Leyes  |9 256670 
650 7 |a FUENTES  |2 CL-VaPUC  |9 255666 
651 7 |a CHILE  |2 CL-VaPUC  |9 398745 
583 |a last modification  |c 19971219 00:00:00  |k Rodrigo Vera 
999 |c 264937  |d 264935 
952 |0 0  |1 0  |4 0  |6 348_022000000000000_BOL_1923  |7 0  |8 X  |9 295617  |a BIBDER  |b BIBDER  |d 2019-11-20  |h v.92 p.1  |i 1926136  |o 348.022 BOL 1923  |p 1926136  |r 2023-01-25  |w 2019-11-20  |y BK_X  |k DER 
952 |0 0  |1 0  |4 0  |6 348_022000000000000_BOL_1923  |7 0  |8 X  |9 295618  |a BIBDER  |b BIBDER  |d 2019-11-20  |h v.92 p.2  |i 1926187  |o 348.022 BOL 1923  |p 1926187  |r 2023-01-25  |w 2019-11-20  |y BK_X  |k DER